000 00475nam a22001817a 4500
008 180903b xxu||||| |||| 00| j tur d
020 _a9786053750154
041 _atur
050 _aPL248.T64
100 _aTohumcu, Aslı
_91251
245 _a Şeytan Geçti
250 _a1.Baskı
260 _aİstanbul
_bİthaki Yayınları
_cMart 2010
300 _a103 Sayfa
500 _aİthaki Yayınları 662 Edebiyat 533
650 0 _9145
_aTürk Edebiyatı
942 _2lcc
_cBK
999 _c2391
_d2350